000
00285 a2200145 4500
001
177553
020
_a
040
_c
Magnum
100
_a
Kreider, Karen
240
1
0
_a
Aladin
_l
ESP
245
1
0
_a
Aladin
362
0
_a
1899
697
_a
MAGNITO: I/AVENTURA, CRIANCAS
942
_c
BK
999
_c
177553
_d
177553